Universidades contemporaneas : antecedentes y experiencias internacionales.

Guardado en:
Detalles Bibliográficos
Autor principal: Lavados Montes, Iván (autor)
Otros autores: Clark, Burton R. (autor) (autor), Herrera Lane, Felipe (autor) (autor)
Formato: Libro
Idioma:Español
Temas:
Etiquetas: Agrega una etiqueta
Sin etiquetas, Sé el primero en etiquetar este registro!

MARC

LEADER 00000cam^a2200000uu^4500
001 000458071
005 20250521000000.0
008 050901s^^^^^^^^^^^^^^^^rd^r^^000^0^spa^d
009 20260310124059.711
035 |a FCE 000000516 
035 |a FCE 001417 
037 |a Acervo ITESO - Biblioteca 
041 |a spa 
082 0 4 |a 378.03  |b LAV 
100 |a Lavados Montes, Iván  |e (autor) 
245 1 0 |a Universidades contemporaneas :  |b antecedentes y experiencias internacionales. 
264 |a Chile :  |b C.P.U.,  |c [198-?]. 
300 |a 306 p. 
336 |a texto  |b txt  |2 rdacontenido 
337 |a sin mediación  |b n  |2 rdamedio 
338 |a volumen  |b nc  |2 rdasoporte 
649 |a XX 
650 |a Educación superior 
650 |a Experiencia educativa 
650 |a Universidad 
650 |a Educación internacional 
650 |a Capacitación 
650 |a América Latina 
700 |a Clark, Burton R.  |e (autor) 
700 |a Herrera Lane, Felipe  |e (autor) 
910 |a Fondo Centro de Estudios Educativos 
920 |a Impresos - Libros 
930 |a Fondos Especiales 
905 |a 133 
901 |a ALE001417  |b IT2  |c CEE  |u 20250521 
902 |a https://opac.biblio.iteso.mx/vufind/Record/000458071